| 000 | 00653nam a2200217 4500 | ||
|---|---|---|---|
| 001 | 122366 | ||
| 003 | ES-MaACL | ||
| 005 | 20250901090333.0 | ||
| 007 | t| | ||
| 008 | 070214s1984 sp r ||||1| spa d | ||
| 080 | _a621.396.933 | ||
| 100 | 1 |
_aPowell, J. _993499 |
|
| 245 | 1 | 0 |
_aRadiosistemas del avión / _cJ. Powell ; traducción de José A. Navarrete. |
| 260 |
_aMadrid : _bParaninfo, _c1984. |
||
| 300 |
_a277 p. : _bil. ; _c26 cm. |
||
| 650 | 4 |
_aAviones- _xEquipo de radio. _9148236 |
|
| 650 | 0 | 7 |
_aRadionavegación _2embne _916671 |
| 700 | 1 |
_aNavarrete, José A. _985038 |
|
| 852 |
_aES-MaACL _jL-12299 _bR.115462 |
||
| 999 |
_c122366 _d122366 |
||